MARC

LEADER 00000nam0a2200000 4500
001 17876
005 20231030191059.0
010 |a 5020121185 
035 |a (RuTPU)RU\TPU\book\18024 
035 |a BOOK00018093 
090 |a 17876 
100 |a 20011209d1992 km y0rusy50 ca 
101 0 |a rus 
102 |a RU 
105 |a y z 010zb 
200 1 |a Судьба ученого и трагедия науки  |e К 80-летию со дня рождения Я. А. Кронрода  |f Российская академия наук; Институт экономики; отв. ред. Л. И. Абалкин 
210 |a Москва  |c Наука  |d 1992 
215 |a 211 с. 
600 1 |a Кронрод  |b Я. А.  |c советский ученый  |c экономист  |f 1912-1984  |g Яков Абрамович  |2 stltpush  |3 (RuTPU)RU\TPU\pers\13848 
610 1 |a экономика 
610 1 |a экономические науки 
610 1 |a СССР 
610 1 |a история 
686 |a У011.7  |v LBC/SL-A  |2 rubbk 
702 1 |a Абалкин  |b Л. И.  |g Леонид Иванович  |4 340 
712 0 2 |a Российская академия наук  |b Институт экономики (ИЭ РАН)  |c (Москва)  |2 stltpush  |3 (RuTPU)RU\TPU\col\152 
801 0 |a RU  |b 63413507  |c 20011209  |g PSBO 
801 2 |a RU  |b 63413507  |c 20071007  |g PSBO 
942 |c BK